000 00776nam a2200217 4500
001 124032
003 ES-MaACL
005 20230906192313.0
007 t|
008 070214s1927 mx b |||| |dspa d
100 1 _aRangel, Nicolás.
_995418
245 1 0 _aBibliografía de Juan Ruiz de Alarcón /
_cNicolás Rangel.
260 _aMéxico :
_b[s.n.],
_c1927 (
_fImp. de la Secretaría de Relaciones Exteriores)
300 _a44 p. ;
_c20 cm.
490 1 _aMonografías bibliográficas mexicanas ;
_v11
600 1 4 _aRuiz de Alarcón y Mendoza, Juan-
_vBibliografías.
_9146758
710 1 _aMéxico.
_bSecretaría de Relaciones Exteriores.
_95710
830 0 _aMonografías bibliográficas mexicanas ;
_v11
_9186305
852 _aES-MaACL
_jF-7653
999 _c124032
_d124032